<?xml version="1.0" encoding="UTF-8"?>
<record
    xmlns:xsi="http://www.w3.org/2001/XMLSchema-instance"
    xsi:schemaLocation="http://www.loc.gov/MARC21/slim http://www.loc.gov/standards/marcxml/schema/MARC21slim.xsd"
    xmlns="http://www.loc.gov/MARC21/slim">

  <leader>01144nam a22002417a 4500</leader>
  <controlfield tag="003">NALT</controlfield>
  <controlfield tag="005">20231108121206.0</controlfield>
  <controlfield tag="008">220824b        th ||||| |||| 00| 0 tha d</controlfield>
  <datafield tag="020" ind1=" " ind2=" ">
    <subfield code="a">9789749608319</subfield>
  </datafield>
  <datafield tag="040" ind1=" " ind2=" ">
    <subfield code="a">NALT</subfield>
  </datafield>
  <datafield tag="050" ind1=" " ind2=" ">
    <subfield code="a">U 405</subfield>
    <subfield code="b">&#xE1E;248&#xE15; 2551</subfield>
  </datafield>
  <datafield tag="100" ind1="0" ind2=" ">
    <subfield code="9">58823</subfield>
    <subfield code="a">&#xE1E;&#xE23;&#xE1E;&#xE34;&#xE1E;&#xE31;&#xE12;&#xE19;&#xE4C; &#xE40;&#xE1A;&#xE0D;&#xE0D;&#xE28;&#xE23;&#xE35;</subfield>
  </datafield>
  <datafield tag="245" ind1="1" ind2="0">
    <subfield code="a">&#xE40;&#xE15;&#xE23;&#xE35;&#xE22;&#xE21;&#xE17;&#xE2B;&#xE32;&#xE23; &#xE40;&#xE15;&#xE23;&#xE35;&#xE22;&#xE21;&#xE04;&#xE27;&#xE32;&#xE21;&#xE40;&#xE1B;&#xE47;&#xE19;&#xE1C;&#xE39;&#xE49;&#xE19;&#xE33; /</subfield>
    <subfield code="c">&#xE1E;&#xE23;&#xE1E;&#xE34;&#xE1E;&#xE31;&#xE12;&#xE19;&#xE4C; &#xE40;&#xE1A;&#xE0D;&#xE0D;&#xE28;&#xE23;&#xE35;.</subfield>
  </datafield>
  <datafield tag="250" ind1=" " ind2=" ">
    <subfield code="a">&#xE1E;&#xE34;&#xE21;&#xE1E;&#xE4C;&#xE04;&#xE23;&#xE31;&#xE49;&#xE07;&#xE17;&#xE35;&#xE48; 1.</subfield>
  </datafield>
  <datafield tag="260" ind1=" " ind2=" ">
    <subfield code="a">&#xE01;&#xE23;&#xE38;&#xE07;&#xE40;&#xE17;&#xE1E;&#xE2F; :</subfield>
    <subfield code="b">&#xE2D;&#xE23;&#xE38;&#xE13;&#xE01;&#xE32;&#xE23;&#xE1E;&#xE34;&#xE21;&#xE1E;&#xE4C;,</subfield>
    <subfield code="c">2551.</subfield>
  </datafield>
  <datafield tag="300" ind1=" " ind2=" ">
    <subfield code="a">192 &#xE2B;&#xE19;&#xE49;&#xE32; :</subfield>
    <subfield code="b">&#xE20;&#xE32;&#xE1E;&#xE1B;&#xE23;&#xE30;&#xE01;&#xE2D;&#xE1A; ;   </subfield>
    <subfield code="c">21 &#xE0B;&#xE21;.  </subfield>
  </datafield>
  <datafield tag="610" ind1="2" ind2="4">
    <subfield code="9">58843</subfield>
    <subfield code="a">&#xE42;&#xE23;&#xE07;&#xE40;&#xE23;&#xE35;&#xE22;&#xE19;&#xE40;&#xE15;&#xE23;&#xE35;&#xE22;&#xE21;&#xE17;&#xE2B;&#xE32;&#xE23;</subfield>
    <subfield code="x">&#xE01;&#xE32;&#xE23;&#xE28;&#xE36;&#xE01;&#xE29;&#xE32;&#xE41;&#xE25;&#xE30;&#xE01;&#xE32;&#xE23;&#xE2A;&#xE2D;&#xE19;</subfield>
  </datafield>
  <datafield tag="650" ind1=" " ind2="4">
    <subfield code="9">58844</subfield>
    <subfield code="a">&#xE19;&#xE31;&#xE01;&#xE40;&#xE23;&#xE35;&#xE22;&#xE19;&#xE40;&#xE15;&#xE23;&#xE35;&#xE22;&#xE21;&#xE17;&#xE2B;&#xE32;&#xE23;</subfield>
  </datafield>
  <datafield tag="850" ind1=" " ind2=" ">
    <subfield code="a">NALT</subfield>
  </datafield>
  <datafield tag="942" ind1=" " ind2=" ">
    <subfield code="c">GB</subfield>
    <subfield code="2">local</subfield>
  </datafield>
  <datafield tag="998" ind1=" " ind2=" ">
    <subfield code="a">bijaya</subfield>
    <subfield code="c">DAO</subfield>
    <subfield code="j">8</subfield>
    <subfield code="k"> &#xE19;&#xE32;&#xE22;&#xE1A;&#xE31;&#xE13;&#xE11;&#xE34;&#xE15;  &#xE2D;&#xE38;&#xE17;&#xE32;&#xE27;&#xE07;&#xE04;&#xE4C;</subfield>
  </datafield>
  <datafield tag="999" ind1=" " ind2=" ">
    <subfield code="c">100576</subfield>
    <subfield code="d">100576</subfield>
  </datafield>
  <datafield tag="952" ind1=" " ind2=" ">
    <subfield code="0">0</subfield>
    <subfield code="1">0</subfield>
    <subfield code="2">lcc</subfield>
    <subfield code="4">0</subfield>
    <subfield code="7">0</subfield>
    <subfield code="8">CGBL</subfield>
    <subfield code="a">NALT</subfield>
    <subfield code="b">NALT</subfield>
    <subfield code="c">GEN</subfield>
    <subfield code="d">2022-08-24</subfield>
    <subfield code="l">2</subfield>
    <subfield code="m">2</subfield>
    <subfield code="o">U 405 &#xE1E;248&#xE15; 2551</subfield>
    <subfield code="p">3961213099</subfield>
    <subfield code="r">2023-11-22 00:00:00</subfield>
    <subfield code="s">2023-11-08</subfield>
    <subfield code="w">2022-08-24</subfield>
    <subfield code="y">GB</subfield>
  </datafield>
</record>
